000 01205nmm a2200349 a 4500
001 ocm0001132512
003 TR-IsHL
005 20201028152054.0
008 150709s2015 tu tur
007 cr cn
020 _a9789756244555
035 _a1132512
_b(N$T)
050 0 4 _aPZ7.C88253
_bO75 2015
090 0 4 _aPZ7.C88253
_bO75 2015
245 1 0 _aOrmanın kitabı
_h[electronic resource] /
_cderleyen Öykü Zerrem ; resimleyen Ercan Dinçer
260 _aİstanbul :
_bPolat Kitapçılık,
_c2015
300 _a18 p.
650 4 _aDil ve Edebiyat
650 4 _aLanguage and Literature
650 0 _aKral Arthur
_xÇocuk romanı
650 0 _aArthur, King
_xJuvenile fiction
650 0 _aŞövalyelik
_xÇocuk romanı
650 0 _aChivalry
_xJuvenile fiction
650 0 _aŞövalyeler ve şövalyelik
_xÇocuk romanı
650 0 _aKnights and knighthood
_xJuvenile fiction
650 0 _aMacera hikayeleri
650 0 _aAdventure stories
650 7 _aLITERARY CRITICISM / Children's Literature
_2bisacsh
700 1 _aZerrem, Öykü
700 1 _aDinçer, Ercan
856 4 0 _uhttp://search.ebscohost.com/login.aspx?direct=true&scope=site&db=e011xww&AN=1132512
999 _c11338
_d11338